| 000 | 01161cam a2200301 a 4500 | ||
|---|---|---|---|
| 001 | 12509405 | ||
| 003 | OSt | ||
| 005 | 20230621150132.0 | ||
| 008 | 010821s2000 sw a 000 0 eng d | ||
| 010 | _a 2001422296 | ||
| 020 | _a9185050709 | ||
| 035 | _a(OCoLC)ocm48559846 | ||
| 040 |
_aBDP _cBDP _dDLC |
||
| 041 | 1 |
_aeng _hswe |
|
| 042 | _alccopycat | ||
| 043 | _aev----- | ||
| 082 | 0 | 0 |
_a328.54 _bKAR |
| 245 | 0 | 4 |
_aThe parliamentary libraries of the Nordic countries : _band other information and documentation services in the Nordic Parliaments : Denmark, Finland, Iceland, Norway, Sweden. |
| 260 |
_a[Stockholm, Sweden] : _bCommittee of the Nordic Parliamentary Librarians, _c2000. |
||
| 300 |
_a144 p. : _bill. (some col.) ; _c22 cm. |
||
| 500 | _aCover title. | ||
| 650 | 0 |
_aLegislative libraries _zScandinavia. |
|
| 650 | 0 |
_aLegislative bodies _zScandinavia _xInformation services. |
|
| 710 | 2 | _aNordiska parlamentsbibliotekarie kommittén. | |
| 906 |
_a7 _bcbc _ccopycat _d2 _encip _f20 _gy-gencatlg |
||
| 942 |
_2ddc _cBK |
||
| 999 |
_c2244 _d2244 |
||